Análisis de las pérdidas de ingresos fiscales atribuibles al proceso de integración económica

Guardat en:
Dades bibliogràfiques
Autor principal: Hess Estrada, Raúl
Format: Text
Publicat: San José: Universidad de Costa Rica
Etiquetes: Afegir etiqueta
Sense etiquetes, Sigues el primer a etiquetar aquest registre!

MARC

LEADER 00000 a a2200000 04500
001 22361
003
040
090 |a 152300  
100 |a Hess Estrada, Raúl  
245 |a Análisis de las pérdidas de ingresos fiscales atribuibles al proceso de integración económica  
260 |a San José:   |b Universidad de Costa Rica  
300 |a 22 p.   |b **no definido**  
999 |c 5770  |d 5770